000 01661nam a2200505 i 4500
001 56075
003 KOSZ 005
005 20210521133620.0
008 070226s2006 pl a f |000 0 pol
015 _aUWD 2007/6437
020 _a8372424047
020 _a9788372424044
035 _a991033163219705066
035 _a(PL-WaBN)b18885676-48omnis_nlop
035 _ab18885676
035 _a(OCoLC)749356323
035 _azz2007866580
035 _a(PL)b0000001888567
035 _a(EXLNZ-48OMNIS_NETWORK)9910225974405606
040 _aWA N
_cWA N
_dKOSZ 005/HR
046 _k2006
080 _a624.131
080 _a528.48
100 1 _aWolski, Bogdan
_d(1942- )
_eAutor
245 1 0 _aMonitoring metrologiczny obiektów geotechnicznych /
_cBogdan Wolski ; Politechnika Krakowska im. Tadeusza Kościuszki.
260 _aKraków :
_bWydawnictwo PK,
_c2006.
300 _a275 s. :
_bil. ;
_c24 cm.
336 _aTekst
_btxt
_2rdacontent
337 _aBez urządzenia pośredniczącego
_bn
_2rdamedia
338 _aWolumin
_bnc
_2rdacarrier
380 _aKsiążki
380 _aPublikacje naukowe
388 _a2001-
504 _aBibliogr. s. 269-275.
650 7 _aGeodezja
_2DBN
650 7 _aGeologia inżynierska
_2DBN
650 7 _aMechanika gruntów
_2DBN
650 7 _aOsiadanie gruntu
658 _aGeografia i nauki o Ziemi
658 _aInżynieria i technika
710 2 _aWydawnictwo Politechniki Krakowskiej
_4pbl
856 _uhttp://koha.tu.koszalin.pl/cgi-bin/koha/opac-detail.pl?biblionumber=56075
_yKatalog online BPK
942 _2UKD
_cKS
999 _c56075
_d56075